Con quái vật /

Сохранить в:
Библиографические подробности
Главный автор: Moravia, Alberto.
Другие авторы: Hàn Thuỷ Giang (dịch.)
Формат:
Язык:Vietnamese
Italian
Опубликовано: Hà Nội : Hội nhà văn, 2000.
Предметы:
Метки: Добавить метку
Нет меток, Требуется 1-ая метка записи!
Thư viện lưu trữ: Mạng thư viện Đại học Đà Nẵng
LEADER 00892cam a2200349 i 4500
001 000046873
003 6381
005 20030911095523.0
008 010306b2000 vm 000 vie
020 |c 27000 
040 |a IRC  |c IRC  |d IRC 
041 1 |a vie  |h ita 
082 1 4 |a 853  |b MO-A 
100 1 |a Moravia, Alberto. 
245 0 0 |a Con quái vật /  |c Alberto Moravia ; Hàn Thuỷ Giang dịch. 
260 |a Hà Nội :  |b Hội nhà văn,  |c 2000. 
300 |a 282tr. ;  |c 19cm. 
630 0 4 |a Truyện ngắn. 
630 0 4 |a Văn học Ý. 
650 0 4 |a Truyện ngắn. 
650 0 4 |a Tiểu thuyết Ý. 
700 1 |a Hàn Thuỷ Giang,  |e dịch. 
OWN |a DUT 
999 |a From the UDN01 
TYP |a Monograph 
TYP |a Printed language 
980 |a Mạng thư viện Đại học Đà Nẵng